Normal view
MARC view
- العبيدي،هاني إبراهيم شريف مؤلف/الدليمي،طه علي حسين م.مشارك/أبو الرز،جمال حسن مصطفى م.مشارك
Entry Personal Name
001 - CONTROL NUMBER
- control field: 31122
003 - CONTROL NUMBER IDENTIFIER
- control field: JO-AjAnu
005 - DATE AND TIME OF LATEST TRANSACTION
- control field: 20230606075238.0
008 - FIXED-LENGTH DATA ELEMENTS
- fixed length control field: 230606|| aca||aabn | a|a d
040 ## - CATALOGING SOURCE
- Original cataloging agency: JO-AjAnu
- Transcribing agency: JO-AjAnu
100 ## - HEADING--PERSONAL NAME
- Personal name: العبيدي،هاني إبراهيم شريف مؤلف/الدليمي،طه علي حسين م.مشارك/أبو الرز،جمال حسن مصطفى م.مشارك
670 ## - SOURCE DATA FOUND
- Source citation: Work cat.: (JO-AjAnu)15982: العبيدي،هاني إبراهيم شريف مؤلف/الدليمي،طه علي حسين م.مشارك/أبو الرز،جمال حسن مصطفى م.مشارك, author, إستراتيجيات حديثة في التدريس والتقويم